La exportación de servicios medicos en el IVA (Registro nro. 15380)

Detalles MARC
000 -LEADER
fixed length control field 00316 a2200109 4500
001 - CONTROL NUMBER
control field ART_18840
005 - DATE AND TIME OF LATEST TRANSACTION
control field 20260410161703.0
008 - FIXED-LENGTH DATA ELEMENTS--GENERAL INFORMATION
fixed length control field 260409a
100 1# - MAIN ENTRY--PERSONAL NAME
Personal name Oklander, Juan
245 10 - TITLE STATEMENT
Title La exportación de servicios medicos en el IVA
773 0# - HOST ITEM ENTRY
Title Revista Impuestos
Related parts - Nº 8 (ago. 2011)
Record control number REV639

No hay ítems disponibles.